Bilecik Bilecik Bilecik Bilecik Bilecik

Osmanlı iktisat düşüncesinin çağdaşlaşması : (Record no. 9820)

MARC details
000 -BAŞLIK
Sabit Uzunluktaki Kontrol Alanı 02234nam a22004217a 4500
001 - KONTROL NUMARASI
Control Dosyası 0009848
003 - KONTROL NUMARASI KİMLİĞİ
Kontrol Alanı KOHA_MİRAKIL
005 - EN SON İŞLEM TARİHİ ve ZAMANI
Kontrol Alanı 20260207001723.0
007 - FİZİKSEL TANIM SABİT ALAN - GENEL BİLGİ
Sabit uzunluklu kontrol alanı ta
008 - SABİT UZUNLUKTAKİ VERİ ÖGELERİ - GENEL BİLGİ
Sabit Alan 091027b2006 tu |||gr||||#||||0|tur |
020 ## - ISBN - ULUSLARARASI STANDART KİTAP NUMARASI
Isbn 9754373329
040 ## - KATALOGLAMA KAYNAĞI
Özgün Kataloglama Kurumu TR-BiSEU
Kataloglama Dili tur
Çeviri Kurumu TR-BiSEU
Açıklama Kuralları rda
041 0# - DİL KODU
Metin ya da ses kaydının dil kodu tur
044 ## - YAYINLAYAN/ÜRETEN KURULUŞUN ÜLKE KODU
ISO country code tu
050 ## - SINIFLAMA ve YER NUMARASI
Sınıflama Numarası HC492
Yer Numarası .S29 2006
100 1# - KİŞİ ADI
Yazar Adı (Kişi adı) Sayar, Ahmed Güner.
245 1# - ESER ADI BİLDİRİMİ
Başlık Osmanlı iktisat düşüncesinin çağdaşlaşması :
Alt Eseradı vb. (Klasik Dönem'den II. Abdülhamid'e)/
Sorumluluk Bildirimi Ahmed Güner Sayar ; Ahmed Güner Sayar.
264 #1 - ÜRERİM, YAYIN, DAĞITIM ve TELİF BİLDİRİMİ
Yayın yeri İstanbul :
Yayınlayan Ötüken
Yayın tarihi 2006
300 ## - FİZİKSEL TANIMLAMA
Sayfa, Cilt vb. 430 sayfa
336 ## - İÇERİK TÜRÜ
Content type term metin
Content type code txt
Source rdacontent
337 ## - MEDYA TÜRÜ
Media type term aracısız
Media type code n
Source rdamedia
338 ## - TAŞIYICI TÜRÜ
Carrier type term cilt
Carrier type code nc
Source rdacarrier
490 1# - DİZİ BİLDİRİMİ
Dizi Bildirimi Yayın ;
Cilt Numarası nu.
490 1# - DİZİ BİLDİRİMİ
Dizi Bildirimi 460.
490 1# - DİZİ BİLDİRİMİ
Dizi Bildirimi Kültür serisi ;
Cilt Numarası 181.
500 ## - GENEL NOT
Genel Not Kaynakça ve dizin var.
505 ## - İÇİNDEKİLER NOTU
İçindekiler Notu Alanındaki büyük boşluğu doldurmuş, yeni kapılar açıp ufuklar göstermiş bir eser. "Osmanlı iktisat düşüncesi Klasik dönemde ekonominin dengelerini somut gerçek karşısında başarıyla kuran politikaları üretebilmişti. Ancak on altıncı yüzyılın sonlarından itibaren Osmanlı kadim iktisat çerçevesi somut gelişmeler karşısında başarılı olamadı. Bu dönem için etkin siyasalar üreten Osmanlı hukuki muhiti hiçbir vakit modern iktisat standartlarına geçişin kıvılcımını çakamadı. III. Selim'den itibaren hem yordamlamanın güdümünde kendiliğinden, hem de Batılı tazyik ve yol göstermelerle Osmanlı İktisat Düşüncesi Batılı normlarla temasa geçti. Tanzimat, klasik iktisat düşüncesine geçilebilirliğin resmi başlangıcı oldu. Bilahare yaşanan gelişmeler Osmanlı İktisat Düşüncesini, Batı İktisat Düşüncesinin pozitif ve normatif kanatlarının altına soktu."
650 #0 - KONU BAŞLIĞI EK GİRİŞ - KONU TERİMİ
Konusal terim veya coğrafi ad Economic History.
9 (RLIN) 24302
650 #0 - KONU BAŞLIĞI EK GİRİŞ - KONU TERİMİ
Konusal terim veya coğrafi ad Ekonomik tarih.
9 (RLIN) 9676
650 #0 - KONU BAŞLIĞI EK GİRİŞ - KONU TERİMİ
Konusal terim veya coğrafi ad Economic Development.
9 (RLIN) 5643
650 #0 - KONU BAŞLIĞI EK GİRİŞ - KONU TERİMİ
Konusal terim veya coğrafi ad Economics--Turkey--History--19th century.
9 (RLIN) 24303
650 #0 - KONU BAŞLIĞI EK GİRİŞ - KONU TERİMİ
Konusal terim veya coğrafi ad Türkiye--Ekonomik durum--Tarih.
9 (RLIN) 8392
650 #0 - KONU BAŞLIĞI EK GİRİŞ - KONU TERİMİ
Konusal terim veya coğrafi ad Ekonomik kalkınma.
9 (RLIN) 7651
830 1# - SERİ EK GİRİŞİ - TEKBİÇİM ESER ADI
Tekbiçim Başlık Yayın ;
Volume number/sequential designation nu.
9 (RLIN) 1557
830 1# - SERİ EK GİRİŞİ - TEKBİÇİM ESER ADI
Tekbiçim Başlık 460.
9 (RLIN) 24304
830 1# - SERİ EK GİRİŞİ - TEKBİÇİM ESER ADI
Tekbiçim Başlık Kültür serisi ;
Volume number/sequential designation 181.
9 (RLIN) 5523
942 ## - EK GİRİŞ ÖGELERİ (KOHA)
Source of classification or shelving scheme Library of Congress Classification
Koha item type Book
505 ## - İÇİNDEKİLER NOTU
--
Holdings
Materyal Türü Kalıcı Konum Mevcut Konum Raf Yeri Sınıflandırma Kaynağı Edinim Bilgisi Ana Konular Alt Konular Yer Numarası Demirbaş Numarası Fatura Tarihi Maliyet, Alış Fiyatı Maliyet, Yenileme Fiyatı Geri Çekilme Durumu Kayıp Durumu Hasarlı Durumu Kredi için değil Kayıt Tarih Toplam Ödünçverme Son Görülme Tarihi Son Kontrol Tarihi Genel / Bağış Notu
Book Prof. Dr. Azmi Özcan Kütüphanesi Prof. Dr. Azmi Özcan Kütüphanesi Uluğbey Salonu Library of Congress Classification Bağış SOSYAL BİLİMLER Ekonomi Tarihi ve Koşulları HC492 .S29 2006 0009848 13/08/2010 14.00 14.00         27/10/2009   05/12/2024 05/12/2024 Ötüken Yayınevi